Normal view
MARC view
- Melsa, James L ,Schultz, Donald G
Entry Personal Name
001 - CONTROL NUMBER
- control field: 57593
003 - CONTROL NUMBER IDENTIFIER
- control field: NUST
005 - DATE AND TIME OF LATEST TRANSACTION
- control field: 20210628201945.0
008 - FIXED-LENGTH DATA ELEMENTS
- fixed length control field: 210628|| aca||aabn | a|a d
040 ## - CATALOGING SOURCE
- Original cataloging agency: NUST
- Transcribing agency: NUST
100 ## - HEADING--PERSONAL NAME
- Personal name: Melsa, James L ,Schultz, Donald G
670 ## - SOURCE DATA FOUND
- Source citation: Work cat.: (NUST): Melsa, James L ,Schultz, Donald G, State functions and linear control systems, 1967
